00719 2200253 4500001002100000005001500021035002000036007000300056008004100059020002200100082000800122084001400130100001700144245011300161250001000274260003900284300003200323500001100355700002100366504003100387650002500418990001100443990001100454INLIS00000000000324320190608092613 a0010-0419000019ta190608 g 0 ind  a978-602-1579-16-9 a591 a591 HOE e0 aHOEDA, Manis1 aEnsiklopedi Dunia dalam Binatang :bFakta-fakta Unik dan Menarik Dunia Hewan /cHoeda Manis; editor, Rose KR acet.2 aYogyakarta :bAr-Ruzz Media,c2017 a474 hlm. :bilus. ;c26 cm. aIndeks0 aeditor, ROSE, KR aBibliografi.: hlm. 471-472 4aHEWAN. BINATANG UNIK a6621 a a6621 b